| 000 | 00826nam a2200265Ia 4500 | ||
|---|---|---|---|
| 005 | 20260601193223.0 | ||
| 008 | 260601s9999||||xx |||||||||||||| ||und|| | ||
| 020 |
_a978-3-031-48806-1 _qebk |
||
| 100 | _aAleksander Essex | ||
| 245 | 0 | _aFinancial Cryptography and Data Security. FC 2023 International Workshops | |
| 250 | _a1st ed. 2024 | ||
| 260 |
_aHeidelberg, Germany _bSpringer Nature _c2024 |
||
| 440 | _aLecture Notes in Computer Science | ||
| 650 | _aComputer Science | ||
| 700 | _aAndrea Bracciali | ||
| 700 | _aAriah Klages-Mundt | ||
| 700 | _aDaniel Perez | ||
| 700 | _aGeoff Goodell | ||
| 700 | _aLewis Gudgeon | ||
| 700 | _aOksana Kulyk | ||
| 700 | _aSam Werner | ||
| 700 | _aShin'ichiro Matsuo | ||
| 856 | _uhttps://link.springer.com/openurl?genre=book&isbn=978-3-031-48806-1 | ||
| 942 |
_cEB _2ddc |
||
| 999 |
_c55858 _d55858 |
||